000
00281nam a2200109Ia 4500
008
200302s9999 xx 000 0 und d
100
_a
Roy Cresswell
245
_a
Quality in Urban Planning and Design
260
_b
Newnes-Butterworths & Co. Ltd.
260
_c
1979
300
_a
158 P.,
999
_c
5231
_d
5231